Importing from China (Бичлэгийн дугаар. 146836)
| 000 -УДИРДЛАГА | |
|---|---|
| Удирдлага | 00562nam a22002417a 4500 |
| 003 - ХЯНАЛТЫН ТОО ТОДОРХОЙЛОГЧ | |
| Код | MN-UlNUM |
| 005 - БИЧИЛТ ХИЙСЭН ОГНОО | |
| Тухайн бичилтийг бичсэн засварласан сүүлийн огноо | 20260401175807.0 |
| 008 - ЕРӨНХИЙ МЭДЭЭЛЭЛ | |
| Ерөнхий мэдээлэл | 260401s1990 -hk 00| 0 eng d |
| 020 ## - ISBN | |
| ISBN | 9627138118 |
| 040 ## - БИЧЛЭГ ҮҮСГЭГЧ БАЙГУУЛЛАГА | |
| Бичлэг үүсгэгч номын сангийн код | МУИС-ийн номын сан |
| 084 ## - ББК АНГИЛАЛ | |
| Нэмэлт тусгалт | Нэг сэдэвт бүтээл |
| ББК ангилал | 65.428 |
| Зохиогчийн гурван тэмдэгт | I-56 |
| Мэдлэгийн ялгаа | 65 - Эдийн засаг |
| 245 ## - ҮНДСЭН ГАРЧИГ | |
| Номын нэр | Importing from China |
| 250 ## - ДАХИН ХЭВЛЭЛТ | |
| Дахин гаралтын дугаар | 2nd edition |
| 260 ## - ГАРАЛТЫН МЭДЭЭ | |
| Хэвлэгдсэн газар | Hong Kong |
| Хэвлэлийн газар | Allion printing Co. Ltd |
| Хэвлэгдсэн он | 1990 |
| 300 ## - МАТЕРИАЛЫН ТОДОРХОЙЛОЛТ | |
| хуудасны тоо | 359 p. |
| 500 ## - Тайлбар | |
| Дансны дугаар | БС 4467 |
| 546 ## - ХЭЛНИЙ ТУХАЙ МЭДЭЭ | |
| Хэл | Англи хэл дээр, |
| 653 ## - Түлхүүр үг | |
| Түлхүүр үг | import |
| 653 ## - Түлхүүр үг | |
| Түлхүүр үг | payment |
| 653 ## - Түлхүүр үг | |
| Түлхүүр үг | trade |
| 942 ## - ЭЛЕМЕНТИЙН ТӨРӨЛ | |
| Зүйлийн төрөл | Ном |
